25 Biggest Cities in Québec - Statistics

General Stats
  • This quiz has been taken 39 times
  • The average score is 10 of 25
Answer Stats
# Population Ville % Correct
1 3,675,219 Montréal
100%
2 989,567 Québec City
97%
3 242,124 Gatineau
85%
5 114,203 Trois-Rivières
79%
4 139,565 Sherbrooke
74%
10 72,089 Drummondville
56%
18 38,708 Rimouski
56%
15 46,322 Victoriaville
44%
7 100,859 Saint-Jérôme
41%
21 25,473 Val-d'Or
41%
17 38,930 Shawinigan
35%
13 50,616 Saint-Hyacinthe
32%
8 88,083 Saint-Jean-Sur-Richelieu
32%
20 27,402 Saint-Georges
29%
25 21,352 Sept-Iles
29%
11 62,624 Granby
26%
14 49,246 Joliette
26%
19 36,650 Sorel
26%
24 22,222 Magog
21%
23 23,186 Rouyn-Noranda
21%
16 41,655 Salaberry-de-Valleyfield
21%
9 75,891 Châteauguay
9%
12 52,959 Beloeil
3%
6 104,222 Chicoutimi-Jonquière
3%
22 24,245 Hudson
0%
No matching quizzes found
Score Distribution
Percent of People with Each Score
Percentile by Number Answered
Your Score History
You have not taken this quiz